000 00578nam a22001937a 4500
005 20251108165408.0
008 250721s9999 xx 000 0 ara d
082 1 4 _aم/927.5/سحا
100 1 _aالسحار، سعيد جودة
245 1 0 _aأشهر الرسامين و الموسيقيين العالميين /
264 1 _aالقاهرة :
_bمكتبة مصر،
_c[19-].
300 _a157ص : مص.
650 1 7 _aالرسامون
650 1 7 _aالموسيقيون
650 1 7 _aالفنون
700 1 _aقطب، جمال
942 _2ddc
_cREF
999 _c26886
_d26886